[Event "Madrid Magistral 6th"]
[Site "Madrid"]
[Date "1997.05.25"]
[Round "4"]
[White "Akopian, Vladimir Eduardovic"]
[Black "Salov, Valery"]
[Result "1-0"]
[WhiteElo "2655"]
[BlackElo "2665"]
[Annotator "Ribli,Z"]
[PlyCount "109"]
[EventDate "1997.06.??"]
[EventType "tourn"]
[EventRounds "9"]
[EventCountry "ESP"]
[EventCategory "17"]
[SourceTitle "CBM 059"]
[Source "ChessBase"]
[SourceDate "1997.08.01"]
[SourceVersion "1"]
[SourceVersionDate "1997.08.01"]
[SourceQuality "1"]

1. c4 Nf6 2. Nf3 e6 3. g3 b6 4. Bg2 Bb7 5. O-O Be7 6. Nc3 O-O 7. Re1 {Eine bei
Kramnik und Akopian sehr beliebte Fortsetzung. 7.d4 geht natürlich mit
Zugumstellung in die Damenindische Verteidigung über. Mit dem Partiezug
bereitet Weiß e2-e4 vor und gibt nicht die Kontrolle über das Feld e4 auf.
Ribli.} d5 (7... Ne4 $5 8. Nxe4 Bxe4 9. d3 Bb7 10. d4 (10. e4 c5 11. d4 d6 (
11... cxd4 12. Nxd4 Nc6 13. Bf4 Bc5 14. Nxc6 Bxc6 15. Bd6 Bxd6 16. Qxd6 Qb8 17.
Rad1 Qxd6 18. Rxd6 Rfd8 19. Red1 Kf8 $11 {Ibragimov,I-Tiviakov,S/RUS-ch m1-2
1997/1/2-1/2 (54)}) 12. b3 (12. d5 $5 exd5 13. exd5 Bf6 14. Qb3 Nd7 15. Bf4 Qc7
16. Re2 Rfe8 17. Rae1 Rxe2 18. Rxe2 $14 {Agdestein,S-Stefansson,H/Reykjavik 
(Open) 1996}) 12... cxd4 (12... Nd7 13. Bb2 a6 14. Qd2 Qc7 $13 {Tregubov,
P-Stefansson,H/Linares op/1996/EXP51/}) 13. Nxd4 Nc6 (13... Nd7 14. Bb2 a6 15.
Rc1 $14) 14. Nxc6 Bxc6 15. Bb2 $14 {1-0 Hjartarson,J-Stefansson,H/ISL-ch plof
1995 (41)}) 10... Be4 11. Bf4 $5 (11. d5 exd5 12. cxd5 Bf6 13. Nd2 Bxg2 14.
Kxg2 Re8 15. Rb1 Na6 16. f3 c6 {1/2-1/2 Petrosian,T-Portisch,L (11)/Palma de
Mallorca cqf ;CAND 1974 (21)}) (11. Nh4 Bxg2 12. Nxg2 d6 13. e4 Nd7 14. d5 $6
Bf6 15. Nf4 Qe7 16. a4 a5 17. Nh5 Rfe8 {Vaganian-Dokhoian, Tilburg 1994}) 11...
Bf6 12. Qd2 d6 13. Rad1 Nd7 14. Qe3 d5 $6 (14... Bb7 15. Qd3 g6 $10) 15. b4 $14
c6 16. Rc1 {1/2-1/2 Hjartarson,J-Stefansson,H/ISL-ch plof 1995 (26)}) 8. cxd5
Nxd5 (8... exd5 9. d4 {siehe E17}) 9. e4 $5 (9. Nxd5 exd5 (9... Bxd5 10. e4 Bb7
11. d4 c5 12. d5 exd5 13. exd5 Nd7 14. Bf4 $36 {Verduga,D-Gutierrez,JA/Bayamo/
1989/}) 10. d4 Nd7 11. Qa4 $5 $146 (11. Bf4 c5 12. dxc5 bxc5 13. Nd2 a5 $1 14.
Rc1 Ra7 15. Nb1 Nb6 16. b3 d4 $10 {Portisch,L-Karpov,An/Milano/1975/INF20,33/})
11... c5 12. Rd1 a6 13. dxc5 Nxc5 (13... bxc5 14. Nh4 $36 {>< d5 ><f5}) 14. Qg4
Qc8 15. Qh5 Qe6 16. Bg5 $5 (16. Nd4 Qg6 17. Qxg6 hxg6 $10) 16... Rfe8 17. Bxe7
Qxe7 {1/2-1/2 Akopian,V-Gulko,B/Erevan 1996 (36)}) (9. d4 Nxc3 10. bxc3 Be4 $5
11. Ne5 (11. Bf1 c5 12. Nd2 Bb7 13. Nb3 cxd4 14. cxd4 a5 15. Bb2 a4 16. Nd2 b5
17. Rb1 Nc6 18. e3 b4 19. Qh5 Qd5 {1/2-1/2 Vaganian,R-Rozentalis,E/
Philadelphia World op 1994 (43)}) 11... Bxg2 12. Kxg2 c5 13. e4 Bf6 14. Nf3
cxd4 15. cxd4 Nc6 16. Be3 Qd7 $10 {Eriksson,Mag-Rosentalis,E/Malmo/1993/}) 9...
Nxc3 10. bxc3 Nc6 {Das ist eine relativ seltene Fortsetzung,die auf auf den
ersten Blick nicht logisch erscheint. Ich glaube, daß Schwarz mit 10...c5
bessere Aussichten hat.Ribli.} (10... c5 11. d4 {siehe A30.} Nd7 $5 12. Bf4 Nf6
13. Qd3 cxd4 14. cxd4 Bb4 15. Nd2 Rc8 16. Rec1 Rxc1+ 17. Rxc1 Qa8 18. f3 Rc8
19. Nc4 Ba6 20. Bf1 Rd8 21. Qb3 Bf8 22. Be3 Rc8 23. Rc2 $14 {Anand,V-Tiviakov,
S/Wijk 1996/1-0 (107)}) 11. d4 Na5 12. Bf4 (12. Ne5 Bd6 13. f4 Qe8 14. Be3 Rd8
15. Bf2 c5 16. Qe2 Qa4 17. dxc5 bxc5 18. Rab1 Rc8 19. Qd1 Qxd1 20. Rexd1 Bxe5
21. fxe5 a6 {1/2-1/2 Kramnik,V-Karpov,A/Amber-rapid6th 1997 (36)}) 12... Bd6
$146 (12... Rc8 13. h4 Bd6 14. Bg5 (14. Ne5 $5) 14... Qe8 15. a4 Kh8 16. Nd2 f6
17. Be3 e5 18. Nb3 Nxb3 19. Qxb3 a5 {1/2-1/2 Jackelen,T-Pezerovic,E/BL9394
1994 (28)}) (12... c5 13. d5 exd5 14. exd5 Bd6 (14... Bxd5 $2 15. Rxe7) (14...
Nc4 15. Qe2 $18) 15. Ne5 {Weiß hat Raumvorteil und eine aktive Stellung.Ribli.}
) 13. Ne5 Qe8 (13... c5 $5) 14. Nd3 Rd8 (14... Bxf4 15. Nxf4 e5 16. Nd3 (16.
Nd5 Rc8 17. Bh3 f5 {Auf den ersten Blick scheint Schwarz eine unangenehme
Stellung zu haben, aber das ist nicht so klar.Ribli.}) 16... exd4 17. cxd4 Rd8
{[%csl Rd4]}) 15. Qg4 $14 {[%csl Gg4] Weiß hat nicht nur ein starkes Zentrum,
sondern freie Hand und Initiative am Königsflügel.Ribli.} Kh8 (15... Bxf4 $2
16. Nxf4 e5 $2 17. Nh5 $18) 16. e5 Be7 17. Bxb7 Nxb7 {[%csl Rb7] Strategisch
war es günstig für Schwarz, den weißfeldrigen Läufer zu tauschen, aber der
Springer steht sehr schlecht auf b7, weil Weiß am Königsflügel zum Angriff
bereit ist.Ribli.} 18. Bg5 Bxg5 19. Qxg5 h6 (19... c5 20. Re4 h6 21. Rh4 cxd4
22. Nf4 $40) 20. Qg4 c5 {Das ist das einzig mögliche Gegenspiel für Schwarz.
Ribli.} 21. Nf4 cxd4 22. cxd4 Qe7 (22... Rxd4 23. Ng6+ fxg6 24. Qxd4 {mit
ähnlicher Stellung wie in unserer Partie.Ribli.}) 23. h4 {Weiß verhindert das
mögliche 23...Qg5, gewinnt mehr Raum und droht eventuell mit - späterem -
d4-d5 und e5-e6, da Schwarz Schwierigkeiten hat, einen Plan zu finden.Ribli.}
Rxd4 {Schwarz hat Angst vor der weißen Initiative und opfert eine Qualität.
Ribli.} 24. Ng6+ fxg6 25. Qxd4 g5 {Schwarz tauscht seinen Doppelbauern ab.
Sein Springer strebt nach c5, wo er einen idealen Stützpunkt findet.Ribli.} 26.
hxg5 Qxg5 27. Qe3 $14 Qf5 28. Rad1 Nc5 {[%csl Gc5]} 29. Rd4 Qc2 {Schwarz
verfügt nur über potentielle Drohungen, er kann seine Stellung kaum verbessern.
Natürlich muß Weiß vorsichtig spielen, aber er hat Materialvorteil und mit
guter Technik Gewinnchancen.Ribli.} 30. a3 Kh7 31. Kg2 Qg6 32. Red1 Qh5 {
Die schwarze Dame spielt eine aktive Rolle. Ich glaube, daß Weiß ohne Damen
bessere Gewinnchancen hätte.Ribli.} 33. R1d2 Rf5 34. Rh4 Qg6 35. Rdd4 Qe8 (
35... Qf7 $5 36. Rdf4 Qb7+) 36. Rdf4 Rg5 37. Rfg4 Qc6+ (37... Rf5 38. Rxg7+
Kxg7 39. Qxh6+ Kf7 $8 40. Qh7+ Kf8 41. Rg4 Qf7 42. Qh8+ Ke7 43. Rg7 Rxf2+ 44.
Kh3 $16) 38. Kg1 Rxg4 39. Rxg4 {Der Abtausch des schwaren Turmes ist ein
deutlicher Pluspunkt für Weiß.Ribli.} Qd5 40. Rd4 Qa8 41. Qe2 {Schwarz kann
nur abwarten, da seine Bauern am Damenflügel kaum zu mobilisieren sind.Ribli.}
Qe8 42. Qc2+ Kg8 43. Qd1 {[%cal Rd4d8]} Qg6 44. Rd8+ Kh7 45. Qf3 $16 {[%cal
Rf3f8] Mit aktiven Turm und Dame übt Weiß direkte Drohungen gegen den
schwarzen König aus.Ribli.} Qg5 46. Qa8 {Mit Doppeldrohung: Pa7 hängt und es
droht 47.Rh8.Ribli.} Qc1+ 47. Kg2 Qxa3 48. Rh8+ Kg6 {[%csl Rg6]} 49. Qe8+ Kf5 {
[%csl Rf5]} 50. Qf7+ Kxe5 51. Rd8 $16 {Der schwarze König ist im Mattnetz
gefangen.Ribli.} g5 52. Qg7+ Kf5 53. f3 {Droht Rf8 Matt.} Qa2+ 54. Kh3 g4+ 55.
fxg4+ {Und Schwarz gab auf, da er das Matt nicht verhindern kann.} (55. fxg4+
Ke4 56. Qd4+ Kf3 57. Rf8+) 1-0

[Event "Tilburg Fontys"]
[Site "Tilburg"]
[Date "1996.10.14"]
[Round "4"]
[White "Gelfand, Boris"]
[Black "Almasi, Zoltan"]
[Result "1/2-1/2"]
[WhiteElo "2665"]
[BlackElo "2655"]
[Annotator "Ribli,Z"]
[PlyCount "42"]
[EventDate "1996.10.11"]
[EventType "tourn"]
[EventRounds "11"]
[EventCountry "NED"]
[EventCategory "16"]
[SourceTitle "CBM 056"]
[Source "ChessBase"]
[SourceDate "1997.02.01"]
[SourceVersion "1"]
[SourceVersionDate "1997.02.01"]
[SourceQuality "1"]

1. Nf3 Nf6 2. c4 e6 3. Nc3 Bb4 4. Qb3 a5 (4... c5 5. g3 Nc6 6. Bg2 Na5 7. Qc2
Nxc4 8. a3 Ba5 9. Na4 d5 10. Nxc5 O-O 11. b4 Bc7 12. d3 Ne5 $13 {Das wurde in
einer Partie Hracek - Karpov,Cap dAgde 1996 - Schnellschach
Europameisterschaft gespielt.}) 5. g3 (5. a3 Bxc3 6. Qxc3 a4 $5 7. d3 d6 8. c5
O-O 9. Bg5 Nbd7 10. cxd6 cxd6 11. Rc1 h6 12. Bxf6 Nxf6 13. Qc7 Ra6 $1 $36 {
Nesterov,J-Kiselev,S/Moscow5/1995/CBM49/}) 5... b6 6. Bg2 Bb7 7. O-O O-O 8. d3
(8. d4 $5) 8... Na6 (8... d5) 9. e4 Nc5 10. Qc2 Bxc3 $1 11. bxc3 (11. Qxc3 d6 (
11... d5 $2 12. e5 d4 13. Qxd4 Bxf3 (13... Qxd4 14. Nxd4 Bxg2 15. Kxg2 Rad8 $2
(15... Ng4 16. Nc6 Nxd3 17. f4 Nxc1 18. Rfxc1 $16) (15... Nfd7 16. Nc6 Nxd3 17.
f4) 16. Nc6 $18) 14. Qxd8 Raxd8 15. Bxf3 Nfd7 (15... Rxd3 16. Be2 $18) 16. d4
$18) 12. b3 e5 $11) 11... d6 12. Ng5 h6 13. Nh3 Qe8 $1 {Ein sehr tiefer Zug!
Schwarz organisiert sein späteres Gegenspiel mit Qa4. Ribli.} 14. f4 Nh7 {
Jetzt Schwarz droht selbst f7-f5 zu ziehen. Ribli.} 15. f5 exf5 16. Rxf5 Qa4
17. Qe2 Rae8 18. g4 {Verhindert f7-f5. Schwarz kann aber nun auf
Zugwiderholung spielen. Ribli.} (18. Rb1 Bc8 19. Rf2 f5 {Und Schwarz
uebernimmt die Fuehrung.Ribli.}) 18... Nb3 19. Qc2 (19. Rb1 $6 Nxc1 20. Rxc1
Qd7 {Und Schwarz steht keineswegs schlechter.Ribli.}) 19... Nc5 20. Qe2 Nb3 21.
Qc2 Nc5 1/2-1/2

[Event "Pulvermuehle 6th"]
[Site "Pulvermuehle"]
[Date "2006.03.04"]
[Round "8"]
[White "Prusikin, Michael"]
[Black "Markos, Jan"]
[Result "1-0"]
[WhiteElo "2563"]
[BlackElo "2493"]
[Annotator "Ribli,Z"]
[PlyCount "78"]
[EventDate "2006.02.25"]
[EventType "tourn"]
[EventRounds "9"]
[EventCountry "GER"]
[EventCategory "12"]
[SourceTitle "CBM 112"]
[Source "ChessBase"]
[SourceDate "2006.06.07"]
[SourceVersion "1"]
[SourceVersionDate "2006.06.07"]
[SourceQuality "1"]

1. Nf3 Nf6 2. c4 e6 3. Nc3 Bb4 4. Qc2 O-O 5. a3 Bxc3 6. Qxc3 b6 7. e3 Bb7 8.
Be2 c5 9. b4 d6 10. O-O Ne4 11. Qb3 $5 {Weiß besitzt das Läuferpaar, sein
schwarzfeldriger Läufer kontrolliert die große Diagonale a1 - h8. Diese
Stellung erinnert mich "optisch" ein wenig an die Nimzoindische Verteidigung 
(4.Qc2 Variante), mit dem Unterschied, dass hier Weiß später d2-d3 ziehen kann.
} f5 12. Bb2 Nd7 13. Rad1 Ng5 {Dieser Zug ist prinzipiell gut, aber im
weiteren Verlauf kann Weiß schnell mit 14.Nxg5 und 15.f3 reagieren.} (13... Qe7
$5 14. d4 $14 (14. d3 Ng5 15. Ne1 Nh3+ $1 16. Kh1 Qh4 $17) (14. Ne1)) 14. Nxg5
Qxg5 15. f3 {Mit diesem Zug schränkt Weiß den Wirkungskreis des b7-Läufers ein.
} e5 (15... Rac8 16. d4 $14) 16. d4 $14 {[%cal Gd1d7,Gb2g7] Mit diesem
typischem Zug kann Weiß die Stellung öffnen. Jetzt können wir eine andere Idee
des Zugs 11.Qb3!? sehen: die Dame verteidigt den e3-Bauern.} exd4 (16... cxd4
17. exd4 e4 18. c5+ $16) 17. exd4 Rae8 18. Rf2 Re7 (18... Re3 $6 19. Qa4 $16 {
[%cal Rb2c1,Rc1g5]}) 19. bxc5 dxc5 20. d5 $16 {[%csl Gb2,Rb7,Gd5][%cal Gb2h8]
[%mdl 32] Nach diesem Zug kontrolliert der b2B die a1-h8-Diagonale, da der b7B
passiv steht.} f4 21. Bf1 Rfe8 22. Qa4 $1 {Der schwarze Bauerauf a7 wird
bedroht; Weiß provoziert eine weitere Schwächung des schwarzen Damenflügels.}
a6 23. Bc3 Qg6 24. Bd3 Qd6 25. Qc2 Nf8 (25... g6 26. Be4 $16 Nf6 $2 27. Bxg6)
26. Qb1 {[%csl Gb1,Rb6][%cal Rf2b2,Rb1b6,Gb1h7] Jetzt ist der b6P der
Zielpunkt des weißen Angriffs. Die Dame steht ganz gut auf b1.} Bc8 27. Rb2 Rb7
28. Re1 Bd7 (28... Rxe1+ 29. Qxe1 Re7 30. Re2 $16) 29. Rbe2 Rxe2 30. Rxe2 Ng6
31. Qa1 (31. Bxg6 hxg6 (31... Qxg6 32. Qxg6 hxg6 33. Re7 Bc6 (33... Bc8 34.
Re8+ $18) 34. Re4 Ba4 35. Rxf4 b5 $14) 32. Be5) 31... Qf8 32. Qe1 {[%csl Gc3,
Gd3,Ge1,Ge2][%cal Ge1e8][%mdl 2048] Das weiße Läuferpaar ist stark und
kontrolliert die e-Linie, während die weiße Dame den Angriff "koordiniert".}
Rb8 33. h4 $18 {[%cal Gh4h5] Neue Kraft kommt ins Spiel, es droht 34.h5.
Schwarz hat keine Verteidigung.} Re8 34. h5 Ne7 (34... Nh8 35. Rxe8 Qxe8 36.
Qxe8+ Bxe8 37. Be5 $18) 35. Re5 (35. Qb1 $18) 35... g6 36. Qh4 (36. Qb1 $18)
36... Bf5 37. Bxf5 (37. d6 $18) 37... Nxf5 38. Qxf4 Nd4 39. Qxf8+ Rxf8 (39...
Rxf8 40. hxg6 hxg6 41. Bxd4 cxd4 42. Re4 $18) 1-0

[Event "Dos Hermanas"]
[Site "Dos Hermanas"]
[Date "1997.04.06"]
[Round "5"]
[White "Kramnik, Vladimir"]
[Black "Illescas Cordoba, Miguel"]
[Result "1-0"]
[WhiteElo "2740"]
[BlackElo "2635"]
[Annotator "Ribli,Z"]
[PlyCount "154"]
[EventDate "1997.04.01"]
[EventType "tourn"]
[EventRounds "9"]
[EventCountry "ESP"]
[EventCategory "19"]
[SourceTitle "CBM 059"]
[Source "ChessBase"]
[SourceDate "1997.08.01"]
[SourceVersion "1"]
[SourceVersionDate "1997.08.01"]
[SourceQuality "1"]

1. Nf3 Nf6 2. c4 e6 3. Nc3 Bb4 4. Qc2 O-O 5. a3 Bxc3 6. Qxc3 b6 7. g3 {Zwei
Runden zuvor spielte Kramnik 7.b4 gegen Karpov und gewann die Partie.Ribli.}
Bb7 8. Bg2 c5 {Weiß hat das Läuferpaar; das garantiert ihm einen kleinen aber
dauerhaften Vorteil.Ribli.} 9. b4 d6 (9... d5 10. bxc5 Ne4 11. Qc2 Nxc5 12. d4
Ne4 13. O-O Nc6 14. cxd5 exd5 15. Bf4 Rc8 16. Qd3 Na5 17. Rfc1 Qd7 18. Ne5 Qe6
{1-0 Rotstein,A-Kurajica,B/Bled op18th 1997 (28)}) 10. O-O Nbd7 (10... Nc6 11.
Bb2 Qc7 (11... Re8 12. b5 Ne7 13. a4 a5 14. d3 d5 15. Qc2 $14 {Petrosian,
T-Larsen,B/Vinkovci/1970/INF10,35/}) (11... e5 $6 12. e3 Rc8 13. d3 (13. d4 $5)
13... Re8 $2 14. b5 Ne7 15. Nxe5 $1 Bxg2 16. Ng4 $16 {1-0 Kramnik,V-Ehlvest,J
Vienna 1996 (29)}) 12. d3 e5 {Droht /\ Nd4} 13. e3 Rfe8 14. Nh4 Ne7 15. e4 $5
Nc6 16. Qd2 Nd4 17. Bxd4 cxd4 18. Bh3 (18. f4 $2 Ng4 $13) 18... Bc8 19. Bxc8
Raxc8 20. f4 Nd7 (20... Ng4 $2 21. Ng2 $14) 21. fxe5 dxe5 22. Nf5 $14 {
Illescas Cordoba,M-Kamsky,G/Dos Hermanas 1995/1-0 (73)}) 11. Bb2 Qe7 (11... Rc8
12. d3 d5 (12... Re8 13. e4 a6 14. Qb3 b5 15. Nd2 Rb8 16. Rac1 Ba8 17. Qd1 $14
{Kasparov,G-Karpov,An Lyon-wch 1990 CBM/21}) 13. cxd5 Bxd5 14. Qd2 Qe7 15. Rfc1
h6 16. Bc3 Rfe8 17. Qb2 e5 18. e4 Bb7 19. Nd2 Qd6 20. Bf1 Qe6 21. b5 Nh7 22. a4
f6 23. Qa2 Ndf8 24. a5 $14 {1-0 Kramnik,V-Nikolic,P/Amber-rapid6th 1997 (35)})
(11... Qc7 12. d3 Rfc8 13. Rac1 (13. Rfc1 e5 14. Bh3 $1 Re8 15. e4 Nf8 16. Nh4
Ne6 17. Qd2 $14 Qd8 18. Bxe6 $2 fxe6 $10 {Illescas Cordoba,M-Karpov,An/Wijk
aan Zee (m/1)/1993/0.5 (41)}) 13... a6 14. Qd2 Bc6 15. Rfe1 Qb7 16. d4 (16. e4
b5 $5) 16... Qb8 {Bareev,E-Karpov,A/Dortmund 1995/0-1 (49)} (16... Ne4 $5) (
16... cxd4 {Ribli} 17. Qxd4 $14 {>< d6})) 12. d3 {Dank seiner starken
Kontrolle auf der Diagonale a1-h8 steht der Anziehende etwas besser. Das Feld
e4 ist kontrolliert, sodaß Schwarz dort keine Gegenchancen bekommt.Ribli.} Rfc8
(12... Rac8 $5 13. Rac1 Rfd8 14. Qb3 Ng4 15. e4 Nge5 16. Nd2 Nc6 17. f4 a5 18.
b5 Nd4 19. Bxd4 cxd4 20. Qb2 e5 21. Bh3 Rc7 22. Bxd7 Rdxd7 23. Rf2 f5 24. Re1
fxe4 25. Nxe4 h6 26. a4 {1/2-1/2 Alterman,B-Rozentalis,E/EU-chTM 1997}) 13. b5
{Die "Opposition" der Dame und des Turmes war unangenehm für Weiß. Er
entscheidet sich, den Damenflügel geschlossen zu halten.Ribli.} (13. e4 Qf8 14.
Rfe1 a6 15. Nd2 Rab8 16. d4 cxd4 17. Qxd4 {Lobron,E-Adams,M/Brussels SWIFT 25'
(K:2) 1992/1-0 (55)}) (13. Rfc1 Rc7 14. Qd2 Rac8 15. e4 a6 16. Qe2 b5 17. Nd2
e5 18. Bh3 Rb8 19. Bc3 Bc8 20. Bg2 Nb6 21. bxc5 dxc5 22. f4 Nfd7 23. cxb5 axb5
24. Rab1 {1/2-1/2 Brodsky,M-Tunik,G/RUS-chT Azov 1996 (41)}) 13... a6 14. a4
axb5 15. axb5 Qf8 16. e4 $14 {Schränkt die Möglichkeiten des Bb7 ein und
gewinnt Raum.Ribli.} Rxa1 17. Rxa1 Ra8 18. Qc1 Rxa1 19. Qxa1 Qa8 {Diese
Abtauschorgie ist forciert, da die Herrschafft über die a-Linie nicht dem
Kontrahenten überlassen werden darf.Ribli.} 20. Qxa8+ Bxa8 21. Nd2 {[%csl Rb6]
[%cal Rb2g7] Die Bauernverteilung ist völlig symmetrisch. Schwarz hat eine
Schwäche auf b6. Die Frage ist, ob es Weiß gelingt, die Stellung für sein
Läuferpaar zu öffnen.Ribli.} Ne8 22. Nb1 {Der Springer zielt nach a4.} Bb7 23.
f4 f6 (23... Kf8 $5) 24. Nc3 Kf7 25. Na4 Ke7 (25... e5 26. Bh3 $16) 26. d4 Kd8
27. d5 exd5 (27... e5 $2 28. Bh3 $16) 28. exd5 Nc7 {[%csl Rb6,Rd6][%cal Rb2g7,
Rg2h3,Rh3d7]} 29. Bh3 Na8 $8 30. Be6 Nf8 31. f5 {[%csl Ge6] Weiß hat
überzeugenden Raumvorteil, aber die Stellung ist geschlossen, und es scheint,
als könne Schwarz seine Schwächen gut verteidigen.Ribli.} Bc8 32. Kf2 Bd7 33.
g4 {[%cal Rg4g5]} Ke7 34. g5 {[%csl Rf6] Weiß bewältigt eine weitere Etappe
auf dem Weg zum Sieg, er schwächt den Pf6.Ribli.} Nxe6 35. fxe6 Be8 {[%csl Ge8]
Dieser Läufer ist unangenehm für Weiß, da er praktisch alle seine Bauern auf
den weißen Feldern hat.Ribli.} 36. gxf6+ gxf6 37. Ke3 Bg6 38. Kd2 $1 {Zuerst
muß Weiß versuchen, seinen Pc4 mit dem König zu verteidigen. Auf diese Weise
wird der Na4 entlastet und auf das Idealfeld e3 überführt. Anschließend kann
der weiße König aktiv ins Spiel zurückkehren.Ribli.} Be4 39. Bc1 Bg2 40. Kc3
Bf1 41. Bh6 Bg2 42. Bf4 Bf1 43. Nb2 {[%cal Yb2d1,Yd1e3]} Nc7 44. Nd1 Bg2 45.
Ne3 Be4 46. Bh6 Ne8 {[%csl Re8] Schwarz hat in diesem Endspiel große Probleme,
ein gutes Feld für seinen Springer zu finden.Ribli.} 47. Kd2 Nc7 (47... f5 $2
48. Bg5+ Nf6 (48... Kf8 49. Bd8 {[%csl Rb6]}) 49. Nf1 {[%cal Yf1g3,Yg3h5]} Bf3
50. Ng3 Bg4 51. h3 $18) 48. Ke2 Ne8 49. Kf2 {[%cal Yf2g3,Yg3f4,Yg3g4]} Nc7 50.
Kg3 Bd3 51. Kg4 Ne8 52. Kf4 Bb1 53. Nf5+ Kd8 (53... Bxf5 54. Kxf5 {[%csl Re8]}
Nc7 (54... Kd8 55. Bf8 $18) 55. Bg7 Ne8 56. Bh8 $22) 54. Bf8 Bd3 {[%csl Rb5,
Rc4,Gd3,Rd5]} 55. Be7+ {[%csl Ge7]} (55. Nxd6 $2 Nxd6 56. Bxd6 Bxc4 57. Ke4
Bxb5 $11) 55... Kc7 56. Ne3 Kc8 57. Kg4 Kc7 58. Kh5 Ng7+ 59. Kh6 Ne8 60. h4 {
Weiß mobilisiert alle Reserven.} Kc8 61. h5 Kc7 62. Ng2 {Da jetzt alle weißen
Figuren gut postiert sind, beginnt Weiß nnit konkreten Aktionen.Ribli.} Kc8 (
62... Bxc4 $2 63. Kxh7 $18) 63. Nf4 Bc2 {[#]} 64. Bxf6 $5 {Ein schönes
Figurenopfer. Auf diese Weise verschafft sich Kramnik sehr gute praktische
Gewinnchancen, sonst ist schwer zu sehen, wie er seine Stellung verbessern
könnte.Ribli.} Nxf6 65. Kg7 Ne8+ 66. Kf7 Nc7 (66... Kd8 67. e7+ Kd7 68. Ne6 Bd1
69. Nf8+ Kc8 70. h6 (70. Kxe8 $2 Bxh5+ $19) 70... Bh5+ 71. Kg8 (71. Ke6 Bg4+)
71... Nf6+ 72. Kg7) 67. e7 h6 68. Ne6 Bd1 $8 69. Kg6 Ne8 70. Nf8 Be2 71. Kxh6
Bxc4 72. Kg6 Bxd5 $2 (72... Bd3+ $1 73. Kf7 c4 74. Kxe8 c3 75. Kf7 Bxb5 76. h6
c2 77. h7 c1=Q 78. h8=Q Qf4+ 79. Qf6 Be8+ {Und Schwarz hat sehr gute
Remischancen.}) 73. h6 c4 74. h7 Be4+ 75. Kf7 Bxh7 76. Kxe8 Bg8 77. Nd7 $1 c3 {
In dieser Stellung überschritt Schwarz die Bedenkzeit, aber seine Stellung ist
ohnehin verloren. Weiß gewinnt einfach mit 78.Kf8. Ein sehr interessantes
Endspiel.Ribli.} 1-0

[Event "Terrassa"]
[Site "Terrassa"]
[Date "1991.??.??"]
[Round "3"]
[White "Ehlvest, Jaan"]
[Black "Romanishin, Oleg M"]
[Result "1-0"]
[WhiteElo "2650"]
[BlackElo "2610"]
[Annotator "Ribli,Z"]
[PlyCount "59"]
[EventDate "1991.05.??"]
[EventType "tourn"]
[EventRounds "9"]
[EventCountry "ESP"]
[EventCategory "12"]
[SourceTitle "CBM 024"]
[Source "ChessBase"]
[SourceDate "1991.10.01"]
[SourceVersion "1"]
[SourceVersionDate "1991.10.01"]
[SourceQuality "1"]

1. Nf3 Nf6 2. c4 e6 3. Nc3 Bb4 4. Qb3 c5 5. g3 Nc6 6. a3 Ba5 7. Bg2 O-O 8. O-O
d5 (8... d6 9. d3 Qe7 10. Bd2 Rd8 11. Qa4 Bd7 12. Rab1 Be8 13. Rfc1 h6 14. Qd1
Rac8 15. Qe1 b6 16. e4 Ng4 17. Qd1 Bxc3 18. bxc3 Nf6 19. Qe2 $14 {
Dzindzichasvili,R-Salov,V Manila izt 1990 CBM/19 49/17}) 9. d3 h6 (9... d4 $6
10. Na4 b6 $2 11. Ne5 Nxe5 12. Bxa8 Qe8 13. Bg2 $16 {Speelman,J-Seirawan,J
Saint John m/1 1988 CBM/14 45/14}) 10. Na4 b6 11. Bf4 Bd7 12. Nc3 Bxc3 13. Qxc3
d4 14. Qc2 Re8 15. Ne5 Nxe5 16. Bxe5 Ng4 (16... Rc8 $5) 17. Bxa8 Qxa8 18. Bf4
e5 19. Bc1 f5 20. f3 Ne3 21. Bxe3 dxe3 22. Kh1 Bc6 23. Qc1 f4 24. Qc3 fxg3 25.
Qc1 $1 e4 26. dxe4 Bxe4 27. fxe4 Rxe4 28. Rf3 g5 29. Qg1 gxh2 30. Qg2 1-0

[Event "Terrassa"]
[Site "Terrassa"]
[Date "1991.??.??"]
[Round "5"]
[White "Illescas Cordoba, Miguel"]
[Black "Romanishin, Oleg M"]
[Result "1/2-1/2"]
[WhiteElo "2545"]
[BlackElo "2610"]
[Annotator "Ribli,Z"]
[PlyCount "52"]
[EventDate "1991.05.??"]
[EventType "tourn"]
[EventRounds "9"]
[EventCountry "ESP"]
[EventCategory "12"]
[SourceTitle "CBM 024"]
[Source "ChessBase"]
[SourceDate "1991.10.01"]
[SourceVersion "1"]
[SourceVersionDate "1991.10.01"]
[SourceQuality "1"]

1. Nf3 Nf6 2. c4 e6 3. Nc3 Bb4 4. Qc2 c5 5. a3 Ba5 6. e3 (6. g3 $5 O-O 7. Bg2
Nc6 8. O-O d6 9. d3 h6 10. Rb1 e5 11. e3 Be6 $13 {Kamsky,G-Karpov,An Reggio
Top 16 1991 CBM/22}) 6... O-O 7. d4 d6 8. Be2 Nbd7 9. O-O Qe7 10. b3 Bxc3 11.
Qxc3 b6 12. Bb2 Ne4 13. Qc2 f5 14. Nd2 Bb7 15. f3 Nxd2 16. Qxd2 e5 17. f4 exd4
18. exd4 Rae8 19. Bf3 Bxf3 20. Rxf3 Qe2 21. Rd1 Qxd2 22. Rxd2 Re1+ 23. Rf1 Re3
24. Rf3 Re1+ 25. Rf1 Re3 26. Rf3 Re1+ 1/2-1/2